000
00229nam a22000977a 4500
008
160518b xxu||||| |||| 00| 0 eng d
041
_a
eng
080
_a
61
245
_a
Managing contraception:
_c
Robert A. Hatcher;
942
_2
udc
_c
BK
999
_c
2190
_d
2190